Представление документа в формате RUSMARC

ПолеНазваниеЗначение
  Тип записи c
  Библиографический уровень m
001 Контрольный номер RU/УОНБ/EK_N/606145142
005 Дата корректировки 20250424141039.9
100 Данные общей обработки __
a Данные общей обработки 20190317d2019 u y0rusy0189 ba
101 Язык документа 0_
a Язык текста ger
a Язык текста eng
102 Страна публикации __
a Страна публикации DE
200 Заглавие и сведения об ответственности 1_
a Заглавие Sonatinen-Album
d Параллельное заглавие [Альбом сонатин]
e Сведения, относящиеся к заглавию Eine Sammlung von Sonatinen und Stucken fur Klavier [собрание сонатин и других пьес для фп.]
e Сведения, относящиеся к заглавию Klavier = [для фп.]
f Первые сведения об ответственности Hrgs. von Louis Kohler, Adolf Ruthardt
210 Выходные данные 1_
a Место издания Frankfurt/M.
c Издательство C. F. Peters
215 Физическое описание __
d Формат 30 см
225 Серия 1_
a Серия Edition Peters
v Обозначение тома Nr. 1233
300 Общие примечания __
a Общие примечания Изд. парал. нем., англ. яз.
686 Индексы других классификаций __
a Классификационный индекс 85
2 Код системы rubbk
702 Вторичная интеллектуальная ответственность _1
a Фамилия Kohler
b Имя (инициалы) L.
4 Код отношения 340
702 Вторичная интеллектуальная ответственность _1
a Фамилия Ruthardt
b Имя (инициалы) A.
4 Код отношения 340
801 Источник записи _0
a Страна RU
b Организация Ульяновская ОНБ
c Дата составления 20190317
g Правила каталогизации RCR
801 Источник записи _1
a Страна RU
b Организация Ульяновская ОНБ
c Дата составления 20190317
g Правила каталогизации RCR
901 Тип документа __
t Тип документа v
909 Создатель записи __
a Создатель записи Грязнова И. Е.
938 Служебная информация __
a Имя БД noti
b Имя библиотеки УОНБ
c Имя АИБС МАРК-SQL
d Номер DOC_ID в БД 20260